000 00913ntm a22003257a 4500
005 20250911122850.0
008 160223b2014 xxu||||| |||| 00| | spa d
041 _aeng
082 _a362.88 T153r
100 _aTamarit, Josep M.
_94978
100 _aPereda, Noemí
_94979
245 _aLa respuesta de la victimología ante las nuevas formas de victimización
260 _aArgentina
260 _bEuros Editores
260 _c2014
300 _a338 páginas
490 _aInvestigación Criminal
650 _aVICTIMOLOGÍA
650 _aVIOLENCIA EN EL NOVIAZGO
650 _aPADRES VÍCTIMAS
650 _aVIOLENCIA FILIOPARENTAL
650 _aVIOLENCIA FAMILIAR
650 _aVICTIMIZACIÓN EN EL CIBERESPACIO
650 _aCIBERACOSO
650 _aNUEVAS TECNOLOGÍAS
650 _aFRAUDE EN INTERNET
650 _aPROSTITUCIÓN
650 _aDESVICTIMIZACIÓN
942 _cBK
_2ddc
999 _c7684
_d7684